2025 Fortune 500 Companies - Statistics

General Stats
  • This quiz has been taken 54 times
  • The average score is 84 of 500
Answer Stats
Rank Headquarters Industry Answer % Correct
4. Cupertino, CA Computers, Office Equipment Apple
95%
14. Redmond, WA Computer Software Microsoft
95%
2. Seattle, WA Internet Services and Retailing Amazon
90%
1. Bentonville, AR General Merchandisers Walmart
90%
43. Austin, TX Motor Vehicles & Parts Tesla
88%
19. Dearborn, MI Motor Vehicles & Parts Ford Motor
83%
41. Minneapolis, MN General Merchandisers Target
83%
81. Fort Worth, TX Airlines American Airlines
80%
157. New York, NY Insurance: Property and Casualty (Stock) American International
80%
63. Arlington, VA Aerospace & Defense Boeing
80%
5. Woonsocket, RI Health Care: Pharmacy and Other Services CVS Health
78%
70. Atlanta, GA Airlines Delta Airlines
78%
3. Eden Prairie, MN Health Care: Insurance and Managed Care UnitedHealth
78%
285. Stamford, CT Specialty Retailers: Other United Rentals
78%
17. Charlotte, NC Commercial Banks Bank of America
75%
18. Detroit, MI Motor Vehicles & Parts General Motors
75%
11. New York, NY Commercial Banks JPMorgan Chase
75%
12. Issaquah, WA General Merchandisers Costco
73%
219. Chicago, IL Medical Products and Equipment GE HealthCare Technologies
73%
118. Evendale, OH Aerospace & Defense General Electric
73%
130. Cambridge, MA Energy GE Vernova
73%
165. Chicago, IL Food Services McDonald's
73%
26. Deerfield, IL Food & Drug Stores Walgreens
73%
46. Burbank, CA Entertainment Walt Disney
73%
7. Mountain View, CA Internet Services and Retailing Alphabet
70%
97. Atlanta, GA Beverages Coca-Cola
70%
22. Menlo Park, CA Internet Services and Retailing Meta
70%
45. Purchase, NY Food Consumer Products PepsiCo
70%
30. New York, NY Telecommunications Verizon
70%
37. Dallas, TX Telecommunications AT&T
68%
6. Omaha, NE Insurance: Property and Casualty (Stock) Berkshire Hathaway
68%
49. Memphis, TN Mail, Package and Freight Delivery FedEx
68%
48. New Brunswick, NJ Pharmaceuticals Johnson & Johnson
68%
59. Bethesda, MD Aerospace & Defense Lockheed Martin
68%
31. Santa Clara, CA Semiconductors and Other Electronic Components Nvidia
68%
47. Atlanta, GA Mail, Package and Freight Delivery UPS
68%
33. San Francisco, CA Commercial Banks Wells Fargo
65%
8. Spring, TX Petroleum Refining Exxon Mobil
63%
143. Spring, TX Computers, Office Equipment Hewlett Packard
63%
84. Palo Alto, CA Computers, Office Equipment HP
63%
305. New York, NY Financial Data Services S&P Global
63%
58. New York, NY Diversified Financials American Express
60%
21. New York, NY Commercial Banks Citi
60%
44. Round Rock, TX Computers, Office Equipment Dell Technologies
60%
90. Beaverton, OR Apparel Nike
60%
24. Atlanta, GA Specialty Retailers: Other Home Depot
58%
27. Cincinnati, OH Food & Drug Stores Kroger
58%
67. New York, NY Pharmaceuticals Pfizer
58%
277. Dallas, TX Semiconductors and Other Electronic Components Texas Instruments
58%
127. San Francisco, CA Financial Data Services Visa
58%
52. Mooresville, NC Specialty Retailers: Other Lowe's
55%
152. Purchase, NY Financial Data Services Mastercard
55%
156. Dallas, TX Airlines Southwest Airlines
55%
36. Bloomington, IL Insurance: Property and Casualty (Mutual) State Farm
53%
64. Irving, TX Construction and Farm Machinery Caterpillar
50%
35. Philadelphia, PA Telecommunications Comcast
50%
86. Santa Clara, CA Semiconductors and Other Electronic Components Intel
50%
83. San Jose, CA Network and Other Communications Equipment Cisco Systems
48%
87. Austin, TX Computer Software Oracle
48%
74. Chicago, IL Airlines United Airlines
48%
16. Houston, TX Petroleum Refining Chevron
45%
68. Armonk, NY Information Technology Services IBM
45%
108. Richfield, MN Specialty Retailers: Other Best Buy
43%
89. Moline, IL Construction and Farm Machinery Deere
43%
32. New York, NY Commercial Banks Goldman Sachs
43%
60. New York, NY Insurance: Life, Health (Stock) MetLife
43%
116. Los Gatos, CA Entertainment Netflix
43%
147. New York, NY Entertainment Paramount
43%
126. Seattle, WA Food Services Starbucks
43%
103. Midland, MI Chemicals Dow
40%
411. San Jose, CA Internet Services and Retailing Ebay
40%
100. Indianapolis, IN Pharmaceuticals Eli Lilly
40%
40. New York, NY Commercial Banks Morgan Stanley
40%
62. Newark, NJ Insurance: Life, Health (Stock) Prudential Financial
40%
66. Northbrook, IL Insurance: Property and Casualty (Stock) Allstate
38%
308. New York, NY Entertainment Fox
38%
71. Lakeland, FL Food & Drug Stores Publix Super Markets
38%
55. Boise, ID Food & Drug Stores Albertsons
35%
210. New York, NY Securities BlackRock
35%
82. McLean, VA Commercial Banks Capital One
35%
434. Long Island City, NY Airlines JetBlue Airways
35%
240. Las Vegas, NV Hotels, Casinos, Resorts MGM Resorts International
35%
114. New York, NY Entertainment Warner Bros. Discovery
35%
491. Louisville, KY Food Services Yum Brands
35%
373. Plano, TX Food Services Yum China
35%
174. St. Paul, MN Chemicals 3M
33%
201. San Jose, CA Computer Software Adobe
33%
379. Hershey, PA Food Consumer Products Hershey
33%
9. Irving, TX Wholesalers: Health Care McKesson
33%
137. San Jose, CA Financial Data Services PayPal
33%
85. Springdale, AR Food Production Tyson Foods
33%
362. Seattle, WA Airlines Alaska Air
30%
321. New York, NY Diversified Financials Blackstone
30%
339. Wilmington, DE Chemicals DuPont
30%
25. Washington, DC Diversified Financials Fannie Mae
30%
290. San Francisco, CA Specialty Retailers: Apparel Gap
30%
380. McLean, VA Hotels, Casinos, Resorts Hilton
30%
121. Stamford, CT Tobacco Philip Morris
30%
51. Cincinnati, OH Household and Personal Products Procter & Gamble
30%
57. Mayfield Village, OH Insurance: Property and Casualty (Stock) Progressive
30%
429. Oak Brook, IL Wholesalers: Diversified Ace Hardware
28%
13. Bloomfield, CT Health Care: Pharmacy and Other Services Cigna
28%
75. Houston, TX Mining, Crude-Oil Production ConocoPhillips
28%
185. Riverwoods, IL Diversified Financials Discover Financial
28%
38. McLean, VA Diversified Financials Freddie Mac
28%
91. Boston, MA Insurance: Property and Casualty (Stock) Liberty Mutual Insurance
28%
65. Rahway, NJ Pharmaceuticals Merck
28%
72. Columbus, OH Insurance: Property and Casualty (Mutual) Nationwide
28%
28. Houston, TX Petroleum Refining Phillips 66
28%
117. San Diego, CA Semiconductors and Other Electronic Components Qualcomm
28%
120. San Francisco, CA Computer Software Salesforce
28%
227. Memphis, TN Specialty Retailers: Other AutoZone
25%
171. Bethesda, MD Hotels, Casinos, Resorts Marriott International
25%
110. Falls Church, VA Aerospace & Defense Northrop Grumman
25%
50. Chicago, IL Food Production Archer Daniels Midland
23%
164. Westlake, TX Securities Charles Schwab
23%
78. Houston, TX Pipelines Enterprise Products Partners
23%
216. Minneapolis, MN Food Consumer Products General Mills
23%
166. Chicago, IL Food Consumer Products Kraft Heinz
23%
193. New York, NY General Merchandisers Macy's
23%
69. New York, NY Insurance: Life, Health (Mutual) New York Life Insurance
23%
56. Houston, TX Wholesalers: Food and Grocery Sysco
23%
105. Minneapolis, MN Commercial Banks US Bancorp
23%
197. Houston, TX Waste Management Waste Management
23%
382. San Francisco, CA Internet Services and Retailing Airbnb
20%
372. Newport Beach, CA Food Services Chipotle Mexican Grill
20%
119. Charlotte, NC Industrial Machinery Honeywell
20%
284. Burlington, MA Beverages Keurig Dr. Pepper
20%
261. Menomonee Falls, WI General Merchandisers Kohl's
20%
102. Springfield, MA Insurance: Life, Health (Mutual) Mass Mutual
20%
131. Pittsburgh, PA Commercial Banks PNC
20%
73. Fremont, CA Wholesalers: Electronics and Office Equipment TD Synnex
20%
99. New York, NY Insurance: Property and Casualty (Stock) Travelers
20%
101. San Francisco, CA Internet Services and Retailing Uber
20%
278. Pittsburgh, PA Metals United States Steel
20%
34. San Antonio, TX Petroleum Refining Valero Energy
20%
77. North Chicago, IL Pharmaceuticals AbbVie
18%
113. New York, NY Commercial Banks Bank of New York
18%
207. Marlborough, MA General Merchandisers BJ's Wholesale Club
18%
88. Palo Alto, CA Semiconductors and Other Electronic Components Broadcom
18%
15. Dublin, OH Wholesalers: Health Care Cardinal Health
18%
112. Goodlettsville, TN Specialty Retailers: Other Dollar General
18%
96. Reston, VA Aerospace & Defense General Dynamics
18%
414. New York, NY Publishing, Printing News Corp.
18%
176. Oakland, CA Utilities: Gas and Electric PG&E
18%
104. Waltham, MA Scientific, Photographic and Control Equipment Thermo Fisher Scientific
18%
375. Bolingbrook, IL Specialty Retailers: Other Ulta Beauty
18%
222. Columbus, GA Insurance: Life, Health (Stock) Aflac
15%
209. Richmond, VA Tobacco Altria
15%
23. St. Louis, MO Health Care: Insurance and Managed Care Centene
15%
79. Stamford, CT Telecommunications Charter Communications
15%
324. Corning, NY Electronics, Electrical Equip. Corning
15%
139. Chesapeake, VA Specialty Retailers: Other Dollar Tree
15%
144. Charlotte, NC Utilities: Gas and Electric Duke Energy
15%
53. Dallas, TX Pipelines Energy Transfer
15%
280. Woodland Hills, CA Insurance: Property and Casualty (Mutual) Farmers Insurance Exchange
15%
194. Houston, TX Oil and Gas Equipment, Services Halliburton
15%
39. Louisville, KY Health Care: Insurance and Managed Care Humana
15%
258. Mountain View, CA Computer Software Intuit
15%
348. Lowell, AR Trucking, Truck Leasing JB Hunt Transport Services
15%
249. Springfield, MO Specialty Retailers: Other O'Reilly Automotive
15%
54. Arlington, VA Aerospace & Defense RTX
15%
191. Cleveland, OH Chemicals Sherwin-Williams
15%
107. Abbott Park, IL Medical Products and Equipment Abbott Laboratories
13%
134. Thousand Oaks, CA Pharmaceuticals Amgen
13%
349. Westminster, CO Packaging, Containers Ball
13%
115. Inver Grove Heights, MN Food Production CHS
13%
286. New York, NY Utilities: Gas and Electric Consolidated Edison
13%
301. Jacksonville, FL Railroads CSX
13%
318. Coraopolis, PA Specialty Retailers: Other Dick's Sporting Goods
13%
394. San Francisco, CA Internet Services and Retailing DoorDash
13%
235. Rosemead, CA Utilities: Gas and Electric Edison International
13%
313. Jacksonville, FL Insurance: Property and Casualty (Stock) Fidelity National Financial
13%
402. Jacksonville, FL Financial Data Services Fidelity National Information
13%
440. Estero, FL Automotive Retailing, Services Hertz
13%
327. New York, NY Mining, Crude-Oil Production Hess
13%
352. Austin, MN Food Consumer Products Hormel Foods
13%
29. Findlay, OH Petroleum Refining Marathon Petroleum
13%
366. Chicago, IL Beverages Molson Coors Beverage
13%
125. Chicago, IL Food Consumer Products Mondelez
13%
291. Seattle, WA General Merchandisers Nordstrom
13%
443. Houston, TX Oil and Gas Equipment, Services NOV
13%
437. New York, NY Health Care: Insurance and Managed Care Oscar Health
13%
80. Richmond, VA Wholesalers: Food and Grocery Performance Food
13%
204. Dublin, CA Specialty Retailers: Apparel Ross Stores
13%
304. Charlotte, NC Automotive Retailing, Services Sonic Automotive
13%
161. Atlanta, GA Utilities: Gas and Electric Southern
13%
198. Boston, MA Commercial Banks State Street
13%
195. Portage, MI Medical Products and Equipment Stryker
13%
98. New York, NY Insurance: Life, Health (Mutual) TIAA
13%
76. Framingham, MA Specialty Retailers: Apparel TJX
13%
271. King of Prussia, PA Health Care: Medical Facilities Universal Health Services
13%
93. San Antonio, TX Insurance: Property and Casualty (Stock) USAA
13%
404. Tulsa, OK Pipelines Williams
13%
243. Lake Forest, IL Wholesalers: Diversified WW Grainger
13%
167. Santa Clara, CA Semiconductors and Other Electronic Components Advanced Micro Devices
10%
360. Parsippany, NJ Automotive Retailing, Services Avis Budget
10%
399. Burlington, NJ Specialty Retailers: Apparel Burlington Stores
10%
376. Reno, NV Hotels, Casinos, Resorts Caesars Entertainment
10%
10. Conshohocken, PA Wholesalers: Health Care Cencora
10%
427. Cincinnati, OH Diversified Outsourcing Services Cintas
10%
212. New York, NY Household and Personal Products Colgate-Palmolive
10%
123. Arlington, TX Homebuilders DR Horton
10%
490. Redwood City, CA Entertainment Electronic Arts
10%
20. Indianapolis, IN Health Care: Insurance and Managed Care Elevance Health
10%
192. Chicago, IL Utilities: Gas and Electric Exelon
10%
312. Seattle, WA Internet Services and Retailing Expedia
10%
149. Foster City, CA Pharmaceuticals Gilead Sciences
10%
223. Akron, OH Motor Vehicles & Parts Goodyear Tire & Rubber
10%
162. Hartford, CT Insurance: Property and Casualty (Stock) Hartford Insurance
10%
61. Nashville, TN Health Care: Medical Facilities HCA Healthcare
10%
351. Columbus, OH Commercial Banks Huntington Bancshares
10%
368. Newport News, VA Aerospace & Defense Huntington Ingalls Industries
10%
328. Burlington, NC Health Care: Pharmacy and Other Services Labcorp
10%
374. Las Vegas, NV Hotels, Casinos, Resorts Las Vegas Sands
10%
228. Radnor, PA Insurance: Life, Health (Stock) Lincoln National
10%
237. New York, NY Insurance: Property and Casualty (Stock) Loews
10%
401. Sumner, WA Specialty Retailers: Apparel Lululemon
10%
494. Corona, CA Beverages Monster Beverage
10%
392. Chicago, IL Network and Other Communications Equipment Motorola Solutions
10%
317. Buffalo, NY Commercial Banks M&T Bank
10%
346. Atlanta, GA Railroads Norfolk Southern
10%
303. Farmington, CT Industrial Machinery Otis Worldwide
10%
234. Pittsburgh, PA Chemicals PPG Industries
10%
461. Milwaukee, WI Electronics, Electrical Equip. Rockwell Automation
10%
42. New York, NY Diversified Financials StoneX
10%
385. Boston, MA Pharmaceuticals Vertex Pharmaceuticals
10%
319. Minneapolis, MN Utilities: Gas and Electric Xcel Energy
10%
389. Raleigh, NC Specialty Retailers: Other Advance Auto Parts
8%
354. Pittsburgh, PA Metals Alcoa
8%
255. Detroit, MI Diversified Financials Ally Financial
8%
384. Boston, MA Real Estate American Tower
8%
230. Minneapolis, MN Diversified Financials Ameriprise Financial
8%
163. New York, NY Securities Apollo Global Management
8%
239. Philadelphia, PA Diversified Outsourcing Services Aramark
8%
154. Centennial, CO Wholesalers: Electronics and Office Equipment Arrow Electronics
8%
181. Phoenix, AZ Wholesalers: Electronics and Office Equipment Avnet
8%
424. Cambridge, MA Pharmaceuticals Biogen
8%
248. Marlborough, MA Medical Products and Equipment Boston Scientific
8%
94. Princeton, NJ Pharmaceuticals Bristol-Myers Squibb
8%
341. Providence, RI Commercial Banks Citizens Financial
8%
350. Chicago, IL Food Consumer Products Conagra Brands
8%
370. Orlando, FL Food Services Darden Restaurants
8%
267. Oklahoma City, OK Mining, Crude-Oil Production Devon Energy
8%
274. St. Paul, MN Chemicals Ecolab
8%
279. New York, NY Household and Personal Products Estée Lauder
8%
293. Raleigh, NC Commercial Banks First Citizens BancShares
8%
208. Milwaukee, WI Financial Data Services Fiserv
8%
148. St. Petersburg, FL Semiconductors and Other Electronic Components Jabil
8%
145. New York, NY Securities KKR
8%
262. Arden Hills, MN Food Consumer Products Land O'Lakes
8%
129. Miami, FL Homebuilders Lennar
8%
325. Monroe, LA Telecommunications Lumen Technologies
8%
170. Boise, ID Semiconductors and Other Electronic Components Micron Technology
8%
173. Juno Beach, FL Utilities: Gas and Electric NextEra Energy
8%
109. Milwaukee, WI Insurance: Life, Health (Mutual) Northwestern Mutual
8%
140. Charlotte, NC Metals Nucor
8%
470. Santa Clara, CA Network and Other Communications Equipment Palo Alto Networks
8%
92. Houston, TX Pipelines Plains GP
8%
477. St. Louis, MO Food Consumer Products Post
8%
419. Secaucus, NJ Health Care: Pharmacy and Other Services Quest Diagnostics
8%
306. Tarrytown, NY Pharmaceuticals Regeneron Pharmaceuticals
8%
386. Santa Clara, CA Computer Software ServiceNow
8%
283. New Britain, CT Industrial Machinery Stanley Black & Decker
8%
236. Fort Wayne, IN Metals Steel Dynamics
8%
206. Dallas, TX Health Care: Medical Facilities Tenet Healthcare
8%
390. Fort Washington, PA Homebuilders Toll Brothers
8%
177. Omaha, NE Railroads Union Pacific
8%
330. Chattanooga, TN Insurance: Life, Health (Stock) Unum
8%
358. Boston, MA Internet Services and Retailing Wayfair
8%
408. Pittsburgh, PA Industrial Machinery Westinghouse Air Brake Technologies
8%
252. Benton Harbor, MI Electronics, Electrical Equip. Whirlpool
8%
468. Greenwich, CT Transportation and Logistics XPO
8%
259. Dallas, TX Engineering & Construction AECOM
5%
202. Madison, WI Insurance: Property and Casualty (Stock) American Family Insurance
5%
430. Wilmington, MA Semiconductors and Other Electronic Components Analog Devices
5%
158. Santa Clara, CA Semiconductors and Other Electronic Components Applied Materials
5%
179. Oakland, CA Financial Data Services Block
5%
182. Norwalk, CT Internet Services and Retailing Booking
5%
425. Camden, NJ Food Consumer Products Campbell's
5%
151. Richmond, VA Automotive Retailing, Services CarMax
5%
314. Tempe, AZ Automotive Retailing, Services Carvana
5%
297. Ankeny, IA Specialty Retailers: Other Casey's General Stores
5%
128. Dallas, TX Real Estate CBRE
5%
205. Vernon Hills, IL Information Technology Services CDW
5%
246. Indianapolis, IN Food Production Corteva
5%
132. Columbus, IN Industrial Machinery Cummins
5%
331. Denver, CO Health Care: Medical Facilities DaVita
5%
383. Midland, TX Mining, Crude-Oil Production Diamondback Energy
5%
264. Richmond, VA Utilities: Gas and Electric Dominion Energy
5%
456. Downers Grove, IL Industrial Machinery Dover
5%
260. Des Peres, MO Securities Edward Jones
5%
238. St. Louis, MO Industrial Machinery Emerson Electric
5%
355. New Orleans, LA Utilities: Gas and Electric Entergy
5%
183. Houston, TX Mining, Crude-Oil Production EOG Resources
5%
323. Erie, PA Insurance: Property and Casualty (Mutual) Erie Insurance
5%
320. Cincinnati, OH Commercial Banks Fifth Third Bancorp
5%
473. New York, NY Specialty Retailers: Apparel Foot Locker
5%
453. San Mateo, CA Securities Franklin Resources
5%
95. Irvine, CA Wholesalers: Electronics and Office Equipment Ingram Micro
5%
499. Westchester, IL Food Production Ingredion
5%
226. Memphis, TN Packaging, Containers International Paper
5%
459. Sunnyvale, CA Medical Products and Equipment Intuitive Surgical
5%
189. Southfield, MI Motor Vehicles & Parts Lear
5%
250. Reston, VA Information Technology Services Leidos
5%
232. Milwaukee, WI Diversified Outsourcing Services Manpower
5%
175. New York, NY Diversified Financials Marsh & McLean
5%
391. Calhoun, GA Home Equipment, Furnishings Mohawk Industries
5%
381. Tampa, FL Chemicals Mosaic
5%
231. El Dorado, AR Specialty Retailers: Other Murphy USA
5%
225. Denver, CO Mining, Crude-Oil Production Newmont
5%
153. Houston, TX Energy NRG Energy
5%
159. Houston, TX Mining, Crude-Oil Production Occidental Petroleum
5%
276. New York, NY Advertising, Marketing Omnicom
5%
200. Tulsa, OK Pipelines Oneok
5%
133. Bellevue, WA Motor Vehicles & Parts Paccar
5%
272. Newport Beach, CA Insurance: Life, Health (Stock) Pacific Life
5%
135. Parsippany, NJ Petroleum Refining PBF Energy
5%
141. Bloomfield Hills, MI Automotive Retailing, Services Penske Automotive
5%
294. St. Petersburg, FL Securities Raymond James Financial
5%
433. Birmingham, AL Commercial Banks Regions Financial
5%
266. Phoenix, AZ Waste Management Republic Services
5%
489. San Jose, CA Semiconductors and Other Electronic Components Sanmina
5%
481. Phoenix, AZ Food & Drug Stores Sprouts Farmers Market
5%
178. Stamford, CT Diversified Financials Synchrony Financial
5%
311. Providence, RI Aerospace & Defense Textron
5%
296. Brentwood, TN Specialty Retailers: Other Tractor Supply
5%
168. Charlotte, NC Commercial Banks Truist Financial
5%
138. Providence, RI Wholesalers: Food and Grocery United Natural Foods
5%
122. Rosemont, IL Wholesalers: Food and Grocery US Foods
5%
199. Pittsburgh, PA Wholesalers: Diversified WESCO International
5%
482. San Francisco, CA Specialty Retailers: Other Williams-Sonoma
5%
455. Pleasanton, CA Computer Software Workday
5%
106. Miami, FL Energy World Kinect
5%
343. Arlington, VA Utilities: Gas and Electric AES
3%
364. Duluth, GA Construction and Farm Machinery AGCO
3%
347. Allentown, PA Chemicals Air Products & Chemicals
3%
218. Columbus, OH Utilities: Gas and Electric American Electric Power
3%
378. Maumee, OH Food Production Andersons
3%
422. Houston, TX Mining, Crude-Oil Production APA
3%
367. Rolling Meadows, IL Diversified Financials Arthur J. Gallagher
3%
242. Duluth, GA Automotive Retailing, Services Asbury Automotive
3%
220. Roseland, NJ Diversified Outsourcing Services Automatic Data Processing
3%
160. Fort Lauderdale, FL Automotive Retailing, Services AutoNation
3%
270. Lansing, MI Insurance: Property and Casualty (Mutual) Auto-Owners Insurance
3%
155. Houston, TX Oil and Gas Equipment, Services Baker Hughes
3%
211. Franklin Lakes, NJ Medical Products and Equipment Becton Dickinson
3%
398. McLean, VA Information Technology Services Booz Allen Hamilton
3%
307. Auburn Hills, MI Motor Vehicles & Parts BorgWarner
3%
172. Palm Beach Gardens, FL Industrial Machinery Carrier Global
3%
357. Plantation, FL Internet Services and Retailing Chewy
3%
233. Eden Prairie, MN Transportation and Logistics CH Robinson Worldwide
3%
371. Fairfield, OH Insurance: Property and Casualty (Stock) Cincinnati Financial
3%
221. Cleveland, OH Metals Cleveland-Cliffs
3%
217. Teaneck, NJ Information Technology Services Cognizant Technology
3%
418. Victor, NY Beverages Constellation Brands
3%
186. Baltimore, MD Energy Constellation Energy
3%
224. Houston, TX Diversified Financials Corebridge Financial
3%
142. Seattle, WA Internet Services and Retailing Coupang
3%
410. Maumee, OH Motor Vehicles & Parts Dana
3%
180. Washington, DC Medical Products and Equipment Danaher
3%
273. Englewood, CO Telecommunications EchoStar
3%
353. Springfield, MA Utilities: Gas and Electric Eversource Energy
3%
492. Winona, MN Wholesalers: Diversified Fastenal
3%
146. Newport News, VA Wholesalers: Diversified Ferguson
3%
169. Phoenix, AZ Mining, Crude-Oil Production Freeport-McMoRan
3%
187. Atlanta, GA Wholesalers: Diversified Genuine Parts
3%
244. Waltham, MA Energy Global Partners
3%
413. Atlanta, GA Financial Data Services Global Payments
3%
136. Jacksonville, FL Insurance: Life, Health (Stock) GuideWell Mutual
3%
150. Dallas, TX Petroleum Refining HF Sinclair
3%
417. Sunny Isles Beach, FL Diversified Financials Icahn Enterprises
3%
268. Glenview, IL Industrial Machinery Illinois Tool Works
3%
447. Chandler, AZ Information Technology Services Insight Enterprises
3%
361. Atlanta, GA Securities Intercontinental Exchange
3%
282. Durham, NC Health Care: Pharmacy and Other Services IQVIA
3%
245. Dallas, TX Diversified Outsourcing Services Jacobs Solutions
3%
466. Orrville, OH Food Consumer Products JM Smucker
3%
188. Chicago, IL Real Estate Jones Lang LaSalle
3%
480. Houston, TX Information Technology Services KBR
3%
281. Summit, NJ Household and Personal Products Kenvue
3%
213. Irving, TX Household and Personal Products Kimberly-Clark
3%
289. Houston, TX Pipelines Kinder Morgan
3%
203. Melbourne, FL Aerospace & Defense L3Harris Technologies
3%
295. Fremont, CA Semiconductors and Other Electronic Components Lam Research
3%
124. Medford, OR Automotive Retailing, Services Lithia Motors
3%
190. Beverly Hills, CA Entertainment Live Nation Entertainment
3%
342. Coral Gables, FL Engineering & Construction MasTec
3%
111. Long Beach, CA Health Care: Insurance and Managed Care Molina Healthcare
3%
487. Atlanta, GA Home Equipment, Furnishings Newell Brands
3%
269. Chicago, IL Commercial Banks Northern Trust
3%
393. Oshkosh, WI Construction and Farm Machinery Oshkosh
3%
215. Cleveland, OH Industrial Machinery Parker-Hannifin
3%
454. Allentown, PA Utilities: Gas and Electric PPL
3%
263. Des Moines, IA Insurance: Life, Health (Stock) Principal Financial
3%
229. Atlanta, GA Homebuilders Pulte
3%
184. Houston, TX Engineering & Construction Quanta Services
3%
416. Englewood, CO Internet Services and Retailing QVC
3%
309. Scottsdale, AZ Metals Reliance
3%
334. Coral Gables, FL Transportation and Logistics Ryder System
3%
441. Manhattan Beach, CA Apparel Skechers USA
3%
428. Byron Center, MI Wholesalers: Food and Grocery SpartanNash
3%
415. Elkhart, IN Motor Vehicles & Parts THOR Industries
3%
388. Minneapolis, MN Insurance: Life, Health (Mutual) Thrivent Financial for Lutherans
3%
405. Denver, CO Apparel VF
3%
298. Canonsburg, PA Pharmaceuticals Viatris
3%
241. Irving, TX Energy Vistra
3%
469. New York, NY Diversified Financials Voya Financial
3%
329. San Jose, CA Computers, Office Equipment Western Digital
3%
345. Houston, TX Chemicals Westlake
3%
435. Parsippany, NJ Pharmaceuticals Zoetis
3%
214. Houston, TX Automotive Retailing, Services 1 Automotive
0%
458. New York, NY Diversified Outsourcing Services ABM Industries
0%
442. Long Island City, NY Telecommunications Altice USA
0%
423. El Segundo, CA Wholesalers: Diversified A-Mark Precious Metals
0%
460. Cincinnati, OH Insurance: Property and Casualty (Stock) American Financial
0%
287. Wallingford, CT Network and Other Communications Equipment Amphenol
0%
488. Richmond, VA Specialty Retailers: Other ARKO
0%
356. Atlanta, GA Insurance: Property and Casualty (Stock) Assurant
0%
407. Auburn Hills, MI Motor Vehicles & Parts Autoliv
0%
445. Mentor, OH Packaging, Containers Avery Dennison
0%
288. Deerfield, IL Medical Products and Equipment Baxter International
0%
344. Evansville, IN Packaging, Containers Berry Global
0%
377. Louisville, KY Health Care: Pharmacy and Other Services BrightSpring Health Services
0%
254. Irving, TX Building Materials, Glass Builders FirstSource
0%
484. Reston, VA Information Technology Services CACI International
0%
412. Irving, TX Chemicals Celanese
0%
450. Houston, TX Utilities: Gas and Electric CenterPoint Energy
0%
275. Houston, TX Pipelines Cheniere Energy
0%
493. Jackson, MI Utilities: Gas and Electric CMS Energy
0%
476. Irving, TX Metals Commercial Metals
0%
335. Franklin, TN Health Care: Medical Facilities Community Health Systems
0%
426. Newark, CA Information Technology Services Concentrix
0%
497. St. Louis, MO Wholesalers: Diversified Core & Main
0%
359. Tampa, FL Packaging, Containers Crown
0%
336. Brentwood, TN Petroleum Refining Delek US
0%
337. Detroit, MI Utilities: Gas and Electric DTE Energy
0%
315. Ashburn, VA Information Technology Services DXC Technology
0%
431. Kingsport, TN Chemicals Eastman Chemical
0%
300. Norwalk, CT Engineering & Construction EMCOR
0%
495. Beverly Hills, CA Entertainment Endeavor
0%
446. Redwood City, CA Real Estate Equinix
0%
338. New York, NY Insurance: Life, Health (Stock) Equitable
0%
400. Bellevue, WA Transportation and Logistics Expeditors International of Washington
0%
326. Akron, OH Utilities: Gas and Electric FirstEnergy
0%
257. Irving, TX Engineering & Construction Fluor
0%
406. Johnston, RI Insurance: Property and Casualty (Stock) FM
0%
444. Atlanta, GA Packaging, Containers Graphic Packaging
0%
365. St. Louis, MO Wholesalers: Diversified Graybar Electric
0%
253. New York, NY Insurance: Life, Health (Mutual) Guardian Life
0%
363. Greenwich, CT Transportation and Logistics GXO Logistics
0%
333. Melville, NY Wholesalers: Health Care Henry Schein
0%
498. Pittsburgh, PA Aerospace & Defense Howmet Aerospace
0%
432. Greenwich, CT Securities Interactive Brokers
0%
369. New York, NY Chemicals International Flavors & Fragrances
0%
397. New York, NY Advertising, Marketing Interpublic
0%
403. New York, NY Diversified Financials Jeffries Financial
0%
332. Chicago, IL Food Consumer Products Kellanova
0%
436. Cleveland, OH Commercial Banks KeyCorp
0%
265. New York, NY Information Technology Services Kyndryl
0%
302. Antioch, TN Wholesalers: Diversified LKQ
0%
340. San Diego, CA Securities LPL Financial
0%
251. Glen Allen, VA Insurance: Property and Casualty (Stock) Markel
0%
478. Livonia, MI Home Equipment, Furnishings Masco
0%
485. Chandler, AZ Semiconductors and Other Electronic Components Microchip Technology
0%
299. Omaha, NE Insurance: Life, Health (Mutual) Mutual of Omaha Insurance
0%
396. Reston, VA Homebuilders NVR
0%
463. Chicago, IL Insurance: Property and Casualty (Stock) Old Republic International
0%
438. Denver, CO Mining, Crude-Oil Production Ovintiv
0%
387. Toledo, OH Building Materials, Glass Owens Corning
0%
395. Glen Allen, VA Wholesalers: Health Care Owens & Minor
0%
457. Lake Forest, IL Packaging, Containers Packaging Corp. of America
0%
474. Houston, TX Petroleum Refining Par Pacific
0%
247. Omaha, NE Engineering & Construction Peter Kiewit Sons'
0%
465. San Francisco, CA Real Estate Prologis
0%
409. Newark, NJ Utilities: Gas and Electric Public Service Enterprise
0%
449. New York, NY Apparel PVH
0%
420. Milpitas, CA Semiconductors and Other Electronic Components QLA
0%
421. Herndon, VA Wholesalers: Diversified QXO Building Products
0%
196. Chesterfield, MO Insurance: Life, Health (Stock) Reinsurance of America
0%
479. New Braunfels, TX Automotive Retailing, Services Rush Enterprises
0%
496. Reston, VA Information Technology Services Science Applications International
0%
439. Merriam, KS Food Production Seaboard
0%
464. St. Paul, MN Insurance: Life, Health (Stock) Securian Financial
0%
322. San Diego, CA Utilities: Gas and Electric Sempra
0%
448. New York, NY Entertainment Sirius XM
0%
462. Maplewood, MN Medical Products and Equipment Solventum
0%
292. San Jose, CA Computers, Office Equipment Super Micro Computer
0%
256. Houston, TX Pipelines Targa Resources
0%
467. Scottsdale, AZ Homebuilders Taylor Morrison Home
0%
475. Cleveland, OH Aerospace & Defense TransDigm
0%
471. Westerville, OH Electronics, Electrical Equip. Vertiv
0%
500. Birmingham, AL Building Materials, Glass Vulcan Materials
0%
486. Miami, FL Wholesalers: Diversified Watsco
0%
451. Milwaukee, WI Utilities: Gas and Electric WEC Energy
0%
472. Toledo, OH Real Estate Welltower
0%
310. Cincinnati, OH Insurance: Life, Health (Mutual) Western & Southern Financial
0%
316. Greenwich, CT Insurance: Property and Casualty (Stock) WR Berkley
0%
452. Washington, DC Industrial Machinery Xylem
0%
483. Warsaw, IN Medical Products and Equipment Zimmer Biomet
0%
No matching quizzes found
Score Distribution
Percent of People with Each Score
Percentile by Number Answered
Your Score History
You have not taken this quiz